| 000 | nam a22 4500 | ||
|---|---|---|---|
| 999 |
_c28173 _d28173 |
||
| 008 | 170221b xxu||||| |||| 00| 0 eng d | ||
| 020 | _a9780495461562 | ||
| 020 | _a0495461563 | ||
| 050 | _aGC 11.2 .G37 2008 | ||
| 100 | _aGarrison | ||
| 245 |
_aOceanography : _ban invitation to marine science/ |
||
| 260 |
_aAustralia : _bThomson Learning, _c2008 |
||
| 300 |
_axx, 588p. : _bill. (chiefly col.). ; _c27 cm. |
||
| 500 | _aIncludes index. | ||
| 650 | _aOceanography. | ||
| 942 |
_2lcc _cBOOKS _hGC 11.2 .G37 2008 |
||